L' évolution de la matiére
Guardat en:
| Autor principal: | |
|---|---|
| Format: | Llibre |
| Idioma: | francès |
| Publicat: |
París
Ernest Flammarion
1917
|
| Col·lecció: | Bibliothéque de Philosophie Scientifique
|
| Matèries: | |
| Etiquetes: |
Afegir etiqueta
Sense etiquetes, Sigues el primer a etiquetar aquest registre!
|
MARC
| LEADER | 00000nam a2200000 a 4500 | ||
|---|---|---|---|
| 001 | UCZ4315 | ||
| 003 | CL-VaPUC | ||
| 008 | 951106e19170000FR |||||||||||||||||fre|d | ||
| 082 | 0 | 4 | |a 501 |b LEB |2 21 |
| 100 | |a Le Bon, Gustave |e author |9 445285 | ||
| 245 | 1 | 3 | |a L' évolution de la matiére |
| 300 | |a 410 p | ||
| 942 | |c BK | ||
| 945 | |d 19951106 00:00:00 |a lriquelm | ||
| 260 | |a París |b Ernest Flammarion |c 1917 | ||
| 650 | 0 | |a Filosofía de las ciencias |9 256466 | |
| 650 | 0 | |a Materia orgánica |9 348286 | |
| 650 | 0 | |a Ciencia |9 255691 | |
| 650 | 0 | |a Átomos |9 259583 | |
| 650 | 7 | |a FISICA ATOMICA |2 CL-VaPUC |9 346166 | |
| 650 | 7 | |a IONES |2 CL-VaPUC |9 337399 | |
| 650 | 7 | |a ETERES |2 CL-VaPUC |9 348287 | |
| 650 | 0 | |a Materiales |9 260800 | |
| 583 | |a last modification |c 19951106 00:00:00 |k Rodrigo Vera | ||
| 490 | 0 | |a Bibliothéque de Philosophie Scientifique | |
| 999 | |c 240728 |d 240726 | ||
| 952 | |0 0 |1 0 |4 0 |6 501_000000000000000_LEB_1917 |7 0 |8 P |9 252743 |a BIBEDU |b BIBEDU |c BIBEDU_PB |d 2019-11-18 |i 1595423 |o 501 LEB 1917 |p 1595423 |r 2024-01-25 |w 2019-11-18 |y BK |k FIL | ||